Diagnóstico y evaluación de la calidad de los servicios móviles vistos desde la interoperabilidad entre los operadores móviles prepago en Costa Rica
Guardado en:
| Hovedforfatter: | |
|---|---|
| Andre forfattere: | |
| Format: | Bog |
| Sprog: | Spanish |
| Udgivet: |
[San José, Costa Rica]
2014
|
| Fag: | |
| Tags: |
Tilføj Tag
Ingen Tags, Vær først til at tagge denne postø!
|
MARC
| LEADER | 00000nam a22000007a 4500 | ||
|---|---|---|---|
| 003 | 011014 | ||
| 005 | 20230817112944.0 | ||
| 008 | 150313b2014 c a|||| |||| 00| 0 spa d | ||
| 040 | |c cru CEDI | ||
| 100 | |9 1106 |a Escobar Valerio, Michael, 1987- | ||
| 245 | |a Diagnóstico y evaluación de la calidad de los servicios móviles vistos desde la interoperabilidad entre los operadores móviles prepago en Costa Rica | ||
| 260 | |a [San José, Costa Rica] |c 2014 | ||
| 500 | |a Tesis (licenciatura en ingeniería eléctrica)--Universidad de Costa Rica. Facultad de Ingeniería. Escuela de Ingeniería Eléctrica | ||
| 501 | |a Director de Tesis de Graduación: Ing. Juan Roberto Alfaro Toribio | ||
| 610 | 0 | |9 1108 |a Superintendencia de Telecomunicaciones (Costa Rica) | |
| 650 | |x SISTEMAS MOVILES DE COMUNICACION - COSTA RICA |x SATISFACCION DEL CLIENTE - EVALUACION |x SERVICIO AL CLIENTE - EVALUACION |x SERVICIO AL CLIENTE - CONTROL DE CALIDAD |x TELECOMUNICACIONES - COSTA RICA |x TELEFONIA CELULAR - COSTA RICA |9 463 | ||
| 700 | |9 1107 |a Alfaro Toribio, Juan Roberto, 1958- |d Director del TFG | ||
| 942 | |c CEDI |h TFG 7084 |6 TFG_7084_000000000000000 | ||
| 999 | |c 13701 |d 13701 | ||
